Statistics for Countries of Africa with an Empty Map

Click here to take the quiz!

General Stats

  • This quiz has been taken 112,981 times
  • The average score is 48 of 54

Answers on the Map

Answers color-coded by a green-red scale on the quiz's map according to % correct below.
Loading ...
 

Answer Stats

Country% Correct
South Africa
99%
Egypt
98%
Algeria
97%
Sudan
97%
Nigeria
97%
Niger
97%
Congo (Dem. Rep.)
97%
Libya
96%
Congo (Rep.)
96%
South Sudan
95%
Morocco
95%
Chad
95%
Kenya
95%
Ethiopia
95%
Zimbabwe
94%
Mali
93%
Angola
92%
Somalia
92%
Zambia
92%
Tunisia
92%
Lesotho
91%
Tanzania
91%
Botswana
91%
Ghana
91%
Madagascar
90%
Ivory Coast
90%
Uganda
90%
Namibia
90%
Rwanda
89%
Central African
Republic
89%
Mozambique
89%
Cameroon
89%
Eritrea
89%
Liberia
88%
Mauritania
88%
Guinea
88%
Senegal
88%
Togo
88%
Eswatini
87%
Malawi
86%
Gambia
85%
Benin
85%
Djibouti
85%
Gabon
83%
Burkina Faso
83%
Equatorial Guinea
82%
Sierra Leone
82%
Burundi
82%
Guinea-Bissau
81%
Mauritius
80%
Cape Verde
80%
Seychelles
79%
Comoros
77%
São Tomé and
Príncipe
74%

Score Distribution

Percentile by Number Answered

Percent of People with Each Score

Your Score History

You have not taken this quiz